=LDR 00000nam 2200000 4500 =001 INLIS000000000042607 =005 20131008015415 =008 ***********************************Ind** =035 ##$$0010-101300000000529 =041 ##$$a Ind =082 ##$$a 959.8 =090 ##$$a 959, Ahm a =100 ##$$a Ahmad Mansur Suryanegara =245 ##$$a Api sejarah : Buku yang akan mengubah drastis pandangan anda tentang sejarah indonesia, Ahmad Mansur Suryanegara =260 ##$$a 2012 $b Bandung =300 ##$$a xxiv, 586 hlm., ilus, 25 cm =650 ##$$a Fiksi Sejarah =850 ##$$a NBPNMAT